000
00281nam a2200133Ia 4500
100
_a
Comer/ D E
942
_c
BK
654
_a
computer
245
_a
Computer Networks and Internals
260
_b
prentice hall
_c
2000
082
_a
4.65
_b
COM
300
_a
583
546
_a
ENGLISH
999
_c
30925
_d
30925